Name Every Splatoon Shifty Station Stage - Statistics

General Stats
  • This quiz has been taken 4 times
  • The average score is 16 of 24
Answer Stats
Stage % Correct
MC.Princess Diaries
100%
The Bouncey Twins
100%
The Bunker Games
100%
Windmill House on the Pearlie
100%
A Swiftly Tilting Balance
67%
Bridge to Tentaswitchia
67%
Fancy Spew
67%
Flooders in the Attic
67%
Furler in the Ashes
67%
Goosponge
67%
Grapplink Girl
67%
Railway Chillin'
67%
Sweet Valley Tentacles
67%
The Chronicles of Rolonium
67%
The Secret of S.P.L.A.T.
67%
The Splat in our Zones
67%
The Switches
67%
Wayslide Cool
67%
Zone of Glass
67%
Cannon Fire Pearl
33%
Gusher Towns
33%
The Ink is Spreading
33%
The Maze Dasher
33%
Zappy Longshocking
33%
No matching quizzes found
Score Distribution
Percent of People with Each Score
Percentile by Number Answered
Your Score History
You have not taken this quiz